| 000 | 00365 a2200145 4500 | ||
|---|---|---|---|
| 001 | 33497 | ||
| 082 | _a621.815BHA | ||
| 090 |
_c22297 _d22297 |
||
| 100 | _aBhandari, V.B | ||
| 245 | _aDesign of Machine Elements, 21st Ed | ||
| 250 | _a21 | ||
| 260 |
_aNew Delhi _bTata McGraw-Hill _c2004 |
||
| 300 |
_axvi, 753 p. _bphotocopy |
||
| 500 | _aBE textbook Aerospace | ||
| 942 |
_aNUST-CAE _k621.815BHA |
||
| 999 |
_c268570 _d268570 |
||